Ιταλικά σχολεία στην Ελλάδα
Αποθηκεύτηκε σε:
| Κύριος συγγραφέας: | |
|---|---|
| Μορφή: | Βιβλίο |
| Γλώσσα: | Greek |
| Δημοσίευση: |
Αθήνα :
[χ.ό.],
2011
|
| Σειρά: | Διεθνές Κέντρο Έρευνας Αίσωπος - La Fontaine ;
; 3 |
| Θέματα: | |
| Ετικέτες: |
Προσθήκη ετικέτας
Δεν υπάρχουν, Καταχωρήστε ετικέτα πρώτοι!
|
MARC
| LEADER | 00000cam a2200000 i 4500 | ||
|---|---|---|---|
| 001 | 1/54687 | ||
| 008 | 140903s2011 gre d | ||
| 020 | |a 978-960-99597-1-1 | ||
| 035 | |l 10118883 | ||
| 040 | |a GR-MY-UA |b gre |e aacr | ||
| 041 | 0 | |a gre | |
| 082 | 0 | |a 371.009495 |2 (23) | |
| 100 | 1 | |a Αντωνίου, Δαυίδ. | |
| 245 | 1 | 0 | |a Ιταλικά σχολεία στην Ελλάδα / |c Δαυίδ Αντωνίου |
| 260 | |a Αθήνα : |b [χ.ό.], |c 2011 | ||
| 300 | |a 286 σ.; |b πίν., εικ., φωτ.; |c 24 εκ. | ||
| 490 | 1 | |a Διεθνές Κέντρο Έρευνας Αίσωπος - La Fontaine = Centre International de Recherche Esope-La Fonataine (CIREL) |v ; 3 | |
| 504 | |a Περιέχει βιβλιογραφικές παραπομπές και ευρετήριο | ||
| 650 | 0 | 0 | |a Education |z Greece |x History. |
| 650 | 0 | 0 | |a Schools |z Greece |x History. |
| 830 | 0 | |a Διεθνές Κέντρο Έρευνας Αίσωπος - La Fontaine ; |v ; 3 | |
| 852 | |a INST |b RHODES |e 20140903 |h 371.009495 ΑΝΤ |p 005400036672 |q 005400036672 |t BK |y 0 | ||
| 901 | |a BIBL4-2014-3 | ||
| 909 | |a Ρ |b 183174 | ||
| 970 | |z 2014/09/03 | ||